Nom Commun, Vernaculaire et Famille des végétaux - 5 - Statistiques

Statistiques générales
  • Ce quiz a été pris 7 fois
  • Le résultat moyen est 28 sur 90
Statistiques - réponses
Par images Hint Réponse % Correct
Freesia
86%
Crocus
71%
Tulipe
71%
Bananier
57%
Glaïeul
57%
Gloriosa
57%
Bear-Grass
43%
Calathea
43%
Crocosmia hybride
43%
Dracaena
43%
Dracaena
43%
Dracaena
43%
Freesia hybride
43%
Gladiolus hybride
43%
Gloriosa rothschildiana
43%
Heliconia
43%
Heliconia
43%
Iridacées
43%
Iris des fleuristes
43%
Iris des jardins
43%
Iris germanica
43%
Ixia
43%
Liliacées
43%
Liliacées
43%
Liliacées
43%
Lillium hybride
43%
Lillium hybride
43%
lillium longiflorum
43%
Lucky Bambou
43%
Lys
43%
Lys asiatique
43%
Lys oriental
43%
Maranta
43%
Misère
43%
Papyrus
43%
Tulipa hybride
43%
Crocus vernus
29%
Ctenanthe
29%
Dracaenacées
29%
Dracaenacées
29%
Dracaenacées
29%
Dracaenacées
29%
Dracaena marginata
29%
Fritillaire
29%
Iridacées
29%
Iridacées
29%
Iridacées
29%
Iridacées
29%
Iridacées
29%
Iridacées
29%
Iris Xiphium
29%
Ixia hybride
29%
Liliacées
29%
Liliacées
29%
Maranthacées
29%
Maranthacées
29%
Maranthacées
29%
Montbretia
29%
Musacées
29%
Musa hybride
29%
Orchidacées
29%
Arachnis becarii
14%
Calathea makoyana
14%
Colchicacées
14%
commélinacées
14%
Ctenanthe setosa
14%
Cypéracées
14%
cyperacées
14%
cyperus alternifolius
14%
Dracaena fragans
14%
Dracaena reflexa
14%
Dracaena sanderiana
14%
Haemodoracées
14%
Haemodoracées
14%
Heliconia stricta
14%
Heliconia wagneriana
14%
Hosta
14%
Hosta
14%
Hostacées
14%
Hostacées
14%
Hosta fortunei
14%
Hosta sieboldiana
14%
Maranta leuconeura
14%
Melianthacées
14%
Orchidées araignées
14%
Scirpus
14%
Scirpus cernuus
14%
Tradescantia fluminensis
14%
Xerophyllum tenax
14%
Fritillaire imperialis
0%
Aucun quiz correspondant
Distribution des résultats
% des personnes avec chaque résultat
Percentile par nombre de réponses
Votre historique - résultats
Vous n’avez pas pris ce quiz